| 000 | 00979nam a22002657a 4500 | ||
|---|---|---|---|
| 001 | 3835 | ||
| 003 | FISKH | ||
| 005 | 20240822092002.0 | ||
| 008 | 240515b cb ||||| |||| 00| 0 eng d | ||
| 020 | _a9780545622400 | ||
| 040 |
_aFISKH _beng _cFISKH _dFISKH |
||
| 050 | _aT40.L46 | ||
| 082 | _a609.2 | ||
| 100 | _aBarretta , Gene | ||
| 245 |
_aNeo Leo : The Agelss ideas of Leonardo da Vinci / _cby Gene Barretta |
||
| 260 |
_aNew York : _bSholastic ; _c2009 |
||
| 300 |
_a38 unnumbered pages : _bcolor illustrations ; _c24 cm . |
||
| 505 | _aZ | ||
| 520 | _aCleverly shows how Leonardo's ideas foreshadowed modern inventions. At once an artist, inventor, engineer, and scientist, Leonardo da Vinci wrote and drew detailed descriptions of what would later become hang gliders, automobiles, robots, and much more. | ||
| 521 | 8 |
_a930
_bLexile AD |
|
| 521 | 8 |
_aZ
_bRaz-Plus |
|
| 650 |
_ainvention _vnon-fiction |
||
| 942 |
_2ddc _cBK _n0 |
||
| 999 |
_c3835 _d3835 |
||